[Event "Vitoria Gasteiz op 1st"]
[Site "Vitoria Gasteiz"]
[Date "2025.06.30"]
[Round "1"]
[White "Suarez Rodriguez, Adrian"]
[Black "Pena Duarte, Fabian Dario"]
[Result "0-1"]
[WhiteElo "1694"]
[BlackElo "2228"]
[PlyCount "82"]
[EventDate "2025.06.30"]
[EventType "swiss"]
[EventRounds "9"]
[EventCountry "ESP"]
[SourceTitle "CB28_2025"]
[SourceDate "2025.07.09"]
[SourceVersion "1"]
[SourceVersionDate "2025.07.09"]
[SourceQuality "1"]

1. d4 Nf6 2. c4 g6 3. Nc3 Bg7 4. e4 c5 5. d5 d6 6. Nge2 0-0 7. Ng3 Na6 8. Be2 Nc7 9. h4 h5 10. Bg5 Ng4 11. Qd2 Re8 12. f3 Ne5 13. Rg1 Rb8 14. Nf1 a6 15. g4 hxg4 16. fxg4 b5 17. Ne3 bxc4 18. Nxc4 Nxc4 19. Bxc4 Rb4 20. b3 Nb5 21. Rc1 Bd7 22. Nxb5 axb5 23. a3 bxc4 24. axb4 cxb3 25. bxc5 dxc5 26. Rxc5 b2 27. Ke2 Qb6 28. Qc2 Bd4 29. Be3 Bxe3 30. Kxe3 Rc8 31. Kd4 e5+ 32. dxe6 Bxe6 33. Rb1 Qb4+ 34. Qc4 Qxc4+ 35. Rxc4 Rxc4+ 36. Kd3 Rb4 37. Kc3 Rb3+ 38. Kc2 Re3 39. Rh1 Re2+ 40. Kb1 Bxg4 41. e5 Bf5+ 0-1